Smery zdokonaľovania mzdových sústav vo vybraných socialistických krajinách

Saved in:
Bibliographic Details
Main Author: Zrak, Jozef
Other Authors: Koš, Mojmír
Format: Book
Language:Slovak
Published: Bratislava Výskumný ústav sociálneho rozvoja a práce 1988
Series:Trendy sociálneho rozvoja a práce 4/1988
Tags: Add Tag
No Tags, Be the first to tag this record!

MARC

LEADER 00000nam a2200000 4500
001 c039005
005 20240419070804.6
041 0 |a slo 
044 |a SK 
245 1 0 |a Smery zdokonaľovania mzdových sústav vo vybraných socialistických krajinách  |c Jozef Zrak, Mojmír Koš 
264 1 |a Bratislava  |b Výskumný ústav sociálneho rozvoja a práce  |c 1988 
300 |a 201 s. 
490 1 |a Trendy sociálneho rozvoja a práce  |v 4/1988 
830 0 |a Trendy sociálneho rozvoja a práce  |v 4/1988 
100 1 |a Zrak, Jozef 
700 1 |a Koš, Mojmír